|
|
|
|
| LEADER |
00879 a2200229 4500 |
| 008 |
150103s9999 000 0 eng |
| 020 |
|
|
|a 9780415362511 (hardback : alk. paper)
|c GBP 24.99
|
| 020 |
|
|
|a 0415362512 (hardback : alk. paper)
|
| 020 |
|
|
|a 9780415362528 (pbk. : alk. paper)
|
| 020 |
|
|
|a 0415362520 (pbk. : alk. paper)
|
| 082 |
0 |
0 |
|a 792.028
|
| 245 |
0 |
0 |
|a Physical theatres:
|b a critical reader /
|c edited by John Keefe and Simon Murray.
|
| 260 |
|
|
|a London ;
|a New York :
|b Routledge,
|c c2007.
|
| 300 |
|
|
|a xxi, 283 p.
|
| 650 |
|
0 |
|a Movement (Acting)Theatre
|
| 650 |
|
0 |
|a Mime.
|
| 650 |
|
0 |
|a Dance.
|
| 700 |
1 |
|
|a Keefe, John,
|
| 700 |
1 |
|
|a Murray, Simon David.
|
| 942 |
|
|
|c BK
|
| 999 |
|
|
|c 303600
|d 303600
|
| 952 |
|
|
|0 0
|1 0
|2 ddc
|4 0
|6 792_028000000000000_KEE_PH
|7 0
|9 347220
|a DRA
|b DRA
|c ST1
|d 2011-03-18
|i 7644
|l 5
|o 792.028 KEE/PH
|p DRA7644
|r 2019-08-19
|s 2019-03-07
|v 1861.80
|w 2011-03-18
|y BK
|